书目信息 |
| 题名: |
皇太极
|
|
| 作者: | 顾晓清 著 | |
| 分册: | ||
| 出版信息: | 北京 中国华侨出版社 2009 |
|
| 页数: | 531页 | |
| 开本: | 25cm | |
| 丛书名: | ||
| 单 册: | ||
| 中图分类: | I247.53 , K827=49 | |
| 科图分类: | ||
| 主题词: | 传记小说--chuan ji xiao shuo--中国--现代 | |
| 电子资源: | ||
| ISBN: | 978-7-80222-587-9 | |
| 000 | 00810nam0 22002531 450 | |
| 001 | 0124140106 | |
| 005 | 20170324140106.0 | |
| 010 | @a978-7-80222-587-9@dCNY56.00 | |
| 100 | @a20090220d2009 em y0chiy50 ea | |
| 101 | 0 | @achi |
| 102 | @aCN@b110000 | |
| 105 | @ay z 000ad | |
| 106 | @ar | |
| 200 | 1 | @a皇太极@9huang tai ji@e开创大清江山的天聪汗@e长篇历史小说 珍藏版@f顾晓清著 |
| 210 | @a北京@c中国华侨出版社@d2009 | |
| 215 | @a531页@d25cm | |
| 517 | 1 | @a开创大清江山的天聪汗@9kai chuang da qing jiang shan de tian cong han |
| 600 | 0 | @a皇太极@Ahuang tai ji@f(1592-1643)@x生平事迹 |
| 606 | 0 | @a传记小说@9chuan ji xiao shuo@y中国@z现代 |
| 690 | @aI247.53@v5 | |
| 690 | @aK827=49@v4 | |
| 701 | 0 | @a顾晓清@9gu xiao qing@4著 |
| 801 | 0 | @aCN@bTANGWEI@c20170308 |
| 905 | @b0961406-8@dI247.53@e3670@f3 | |
| 皇太极:开创大清江山的天聪汗:长篇历史小说 珍藏版/顾晓清著.-北京:中国华侨出版社,2009 |
| 531页;25cm |
| ISBN 978-7-80222-587-9:CNY56.00 |
| ● |
| 相关链接 |
|
|
|
|
正题名:皇太极
索取号:I247.53/3670
 
预约/预借
| 序号 | 登录号 | 条形码 | 馆藏地/架位号 | 状态 | 备注 |
| 1 | 0961406 | 209614069 | 第一样本阅览室/ [索取号:I247.53/3670] | 在馆 | |
| 2 | 0961407 | 209614078 | 第二借阅区/ [索取号:I247.53/3670] | 在馆 | |
| 3 | 0961408 | 209614087 | 第二借阅区/ [索取号:I247.53/3670] | 在馆 |